000 00331nam a2200133Ia 4500
001 137716
003 229786
005 20201025200017.0
008 ||||||n9999 ||| || ||
100 _aAmaya Rueda, Ramón Oswado
_9168456
245 0 _aRegalías por la exportación del agua potable
562 _e2
942 _cTESIS
999 _c137716
_d137716